The Life of Jesus / (Record no. 23732)

MARC details
000 -LEADER
fixed length control field 00883cam a22002771 4500
001 - CONTROL NUMBER
control field 10228473
003 - CONTROL NUMBER IDENTIFIER
control field BDDh-ASL
005 - DATE AND TIME OF LATEST TRANSACTION
control field 20231015030259.0
008 - FIXED-LENGTH DATA ELEMENTS--GENERAL INFORMATION
fixed length control field 831027s19041902e c 000 0beng
010 ## - LIBRARY OF CONGRESS CONTROL NUMBER
LC control number 48037662
035 ## - SYSTEM CONTROL NUMBER
System control number (OCoLC)10062615
040 ## - CATALOGING SOURCE
Original cataloging agency DLC
Transcribing agency MWalB
Modifying agency OCoLC
-- DLC
-- BDDh-ASL
041 1# - LANGUAGE CODE
Language code of text/sound track or separate title eng
Language code of original fre
042 ## - AUTHENTICATION CODE
Authentication code premarc
050 00 - LIBRARY OF CONGRESS CALL NUMBER
Classification number BT301
Item number .R4 1902
082 ## - DEWEY DECIMAL CLASSIFICATION NUMBER
Classification number 922.32
Item number REL
100 1# - MAIN ENTRY--PERSONAL NAME
Personal name Renan, Ernest,
Dates associated with a name 1823-1892.
245 14 - TITLE STATEMENT
Title The Life of Jesus /
Statement of responsibility, etc. With a biographical sketch by William G. Hutchinson.
260 ## - PUBLICATION, DISTRIBUTION, ETC.
Place of publication, distribution, etc. [New York]
-- London:
Name of publisher, distributor, etc. A.L. Burt Co.
-- Watts and Co.,
Date of publication, distribution, etc. 1902.
-- 1904.
300 ## - PHYSICAL DESCRIPTION
Extent 153 p. :
Other physical details port.
Dimensions 20 cm.
490 0# - SERIES STATEMENT
Series statement The Home library
600 00 - SUBJECT ADDED ENTRY--PERSONAL NAME
Personal name Jesus Christ
Form subdivision Biography.
710 2# - ADDED ENTRY--CORPORATE NAME
Corporate name or jurisdiction name as entry element Rouben Mamoulian Collection (Library of Congress)
Institution to which field applies DLC
906 ## - LOCAL DATA ELEMENT F, LDF (RLIN)
a 7
b cbc
c oclcrpl
d u
e ncip
f 19
g y-gencatlg
942 ## - ADDED ENTRY ELEMENTS (KOHA)
Source of classification or shelving scheme Dewey Decimal Classification
Koha item type Books
Holdings
Withdrawn status Lost status Source of classification or shelving scheme Damaged status Not for loan Collection code Home library Current library Shelving location Date acquired Source of acquisition Total Checkouts Full call number Barcode Date last seen Copy number Price effective from Koha item type Public note
    Dewey Decimal Classification Damaged Not For Loan Non-fiction Asiatic Society Library Asiatic Society Library General Stacks 04/03/2021 ASB Library Collections   922.32 REL 108242 04/03/2021 C-1 04/03/2021 Books RARE

Powered by Koha